[Event "51 CIS serie A1/2"]
[Site "?"]
[Date "2019.03.15"]
[Round "1.1"]
[White "Tratar, Marko"]
[Black "Genocchio, Daniele"]
[Result "1-0"]
[WhiteElo "2455"]
[BlackElo "2350"]
[PlyCount "123"]
[EventDate "2019.??.??"]
[WhiteTeam "SST 1904"]
[BlackTeam "Il Grifone di Arzignano"]

1. Nf3 g6 2. d4 Bg7 3. e4 d6 4. c4 Bg4 5. Be2 e6 6. O-O Ne7 7. Nc3 O-O 8. Be3
Nbc6 9. d5 Bxf3 10. Bxf3 Ne5 11. Be2 exd5 12. Nxd5 c5 $11 13. Bg5 N5c6 14. Qd2
f6 15. Bf4 Nd4 16. Nxe7+ Qxe7 17. Bd3 a5 18. Rae1 Rae8 19. Be3 Qc7 20. Bxd4
cxd4 21. h4 Qc5 22. g3 Qb4 23. Qc2 Re7 24. Re2 Rfe8 25. a3 Qc5 26. Rfe1 Qh5 27.
Kg2 Bh6 28. Qd1 Qc5 29. Bc2 Kf8 30. Qd3 Rc8 31. Bb3 Bg7 32. Qf3 Rcc7 33. Ba2
Qe5 34. b4 axb4 35. axb4 Re8 36. Qd3 Ra8 37. f4 Qe6 38. Qxd4 b5 39. f5 Qe5 40.
Qxe5 fxe5 41. cxb5 Rb8 42. fxg6 hxg6 43. Rf1+ Ke8 44. Ref2 Rxb5 45. Bf7+ Kd8
46. Bxg6 Rxb4 47. Rf7 Bh6 48. Rxc7 Kxc7 49. Kf3 Rb3+ 50. Kg4 Bd2 51. Bf7 Re3
52. Bd5 Be1 53. Rf3 Rxf3 54. Kxf3 Kd7 55. Kg4 Ke7 56. Kh3 Kf6 57. g4 Kg6 58. g5
Bd2 59. Kg4 Kg7 60. h5 Kh7 61. Bc6 Be3 62. Bd7 1-0

[Event "51 CIS serie A1/2"]
[Site "?"]
[Date "2019.03.15"]
[Round "1.2"]
[White "De Santis, Alessio"]
[Black "Bevilacqua, Andrea"]
[Result "1-0"]
[WhiteElo "2267"]
[BlackElo "2120"]
[PlyCount "117"]
[EventDate "2019.??.??"]
[WhiteTeam "Il Grifone di Arzignano"]
[BlackTeam "SST 1904"]

1. Nf3 d5 2. e3 Nc6 3. d4 Nf6 4. c4 e6 5. Nc3 Be7 6. a3 O-O 7. Bd3 b6 8. b3 Bb7
9. Bb2 Nb8 10. Qc2 Nbd7 11. Ng5 g6 12. h4 Ng4 13. Nf3 c6 14. h5 f5 15. hxg6
hxg6 16. Ne2 Bf6 17. Nf4 Qe8 18. O-O-O Kg7 19. Nh4 Bxh4 20. Rxh4 Qe7 21. Nxg6
Kxg6 22. Rxg4+ Kf7 23. Rf4 Nf6 24. e4 dxe4 25. Bxe4 Nxe4 26. Qxe4 Ke8 27. Qe5
Kd7 28. Re1 Rae8 29. g3 Qd6 30. Qg7+ Kc8 31. Rh4 Rg8 32. Qf6 Rgf8 33. Qg5 Rf7
34. Rh6 Qd7 35. Qe3 Rfe7 36. a4 Qd6 37. Kb1 f4 38. gxf4 Rf7 39. Rxe6 Rxe6 40.
Qxe6+ Qxe6 41. Rxe6 Rxf4 42. Re2 a5 43. Bc3 Rf5 44. Bd2 Kd7 45. Be3 b5 46. Kb2
bxc4 47. bxc4 Ba6 48. Kc3 Rh5 49. Re1 Bb7 50. Rg1 Rh7 51. Rg5 Rh1 52. Rxa5 Ra1
53. Bf4 Ra2 54. Ra7 Kc8 55. Bg3 Ra1 56. Kb4 Rb1+ 57. Kc5 Rh1 58. a5 Rh5+ 59.
Be5 1-0

[Event "51 CIS serie A1/2"]
[Site "?"]
[Date "2019.03.15"]
[Round "1.3"]
[White "Marchesich, Giovanni"]
[Black "Simoli, Sergio"]
[Result "0-1"]
[WhiteElo "2027"]
[BlackElo "2257"]
[PlyCount "88"]
[EventDate "2019.??.??"]
[WhiteTeam "SST 1904"]
[BlackTeam "Il Grifone di Arzignano"]

1. e4 Nc6 2. Nf3 d6 3. d4 g6 4. d5 Nb8 5. c4 Bg7 6. Nc3 Nf6 7. Bd3 a5 8. Be3
Na6 9. a3 O-O 10. h3 Nd7 11. Bc2 c6 12. O-O Ndc5 13. Qd2 Bd7 14. Rab1 cxd5 15.
cxd5 a4 16. Bd4 f6 17. Ne1 Qa5 18. Nd3 Bb5 19. Bxc5 Nxc5 20. Nxc5 dxc5 21. Rfd1
Bd7 22. Qe3 Rfc8 23. f4 Qc7 24. Rbc1 Qb8 25. d6 e6 26. e5 f5 27. g4 b5 28. Ne2
b4 29. Kh2 c4 30. Rd4 Qb6 31. Qg3 bxa3 32. bxa3 fxg4 33. hxg4 Qb2 34. Qc3 Qxc3
35. Nxc3 g5 36. Re1 gxf4 37. Rxf4 Ra5 38. Kg2 Bxe5 39. Bxh7+ Kg7 40. Rf3 Bxc3
41. Rxc3 Kxh7 42. Kf2 Rd5 43. Rh3+ Kg6 44. Reh1 Kf6 0-1

[Event "51 CIS serie A1/2"]
[Site "?"]
[Date "2019.03.15"]
[Round "1.4"]
[White "Navarro, Stefano"]
[Black "Riccobon, Elia"]
[Result "1-0"]
[WhiteElo "2268"]
[BlackElo "1911"]
[PlyCount "39"]
[EventDate "2019.??.??"]
[WhiteTeam "Il Grifone di Arzignano"]
[BlackTeam "SST 1904"]

1. e4 e5 2. Nf3 Nc6 3. c3 d5 4. Qa4 dxe4 5. Nxe5 Nf6 6. Bc4 Bc5 7. Nxc6 Qd7 8.
Bxf7+ Kf8 9. Bb3 bxc6 10. O-O g6 11. d4 Bd6 12. Bh6+ Ke8 13. Re1 Bb7 14. Bg5
Qf5 15. Bxf6 Rf8 16. Nd2 Rxf6 17. Nxe4 Kd7 18. Nxf6+ Qxf6 19. Be6+ Ke7 20. Bc8+
1-0

[Event "51 CIS serie A1/2"]
[Site "Verona"]
[Date "2019.03.15"]
[Round "1.2"]
[White "De Eccher, Stefano"]
[Black "Madiai, Federico"]
[Result "1/2-1/2"]
[WhiteElo "2197"]
[BlackElo "2239"]
[PlyCount "69"]
[EventDate "2019.03.14"]
[EventType "team"]
[EventRounds "5"]
[EventCountry "ITA"]
[WhiteTeam "CIB Unigas E. Canal Venezia A"]
[BlackTeam "ACQUI TERME Alessandria"]
[WhiteTeamCountry "ITA"]
[BlackTeamCountry "ITA"]

1. e4 e5 2. Nf3 Nc6 3. Bc4 Nf6 4. d3 Be7 5. O-O O-O 6. Nc3 d6 7. Nd5 Nxd5 8.
Bxd5 Kh8 9. Be3 f5 10. exf5 Bxf5 11. Qd2 Qd7 12. d4 exd4 13. Nxd4 Nxd4 14. Bxd4
c6 15. Bb3 d5 16. c3 Bf6 17. Rad1 Qc7 18. Rfe1 a6 19. Bxf6 Rxf6 20. Re3 Bg6 21.
Bc2 Bxc2 22. Qxc2 Raf8 23. f3 Rh6 24. h3 Qg3 25. Qf2 Qg5 26. Rde1 Rhf6 27. Re7
h6 28. Kh2 R6f7 29. Rxf7 Rxf7 30. Qc2 g6 31. Qe2 Qf6 32. Qe6 Qf5 33. Re5 Qf4+
34. Kg1 d4 35. cxd4 1/2-1/2

[Event "51 CIS serie A1/2"]
[Site "Verona"]
[Date "2019.03.15"]
[Round "1.3"]
[White "Quirico, Paolo"]
[Black "Santolini, Luigi"]
[Result "0-1"]
[WhiteElo "2071"]
[BlackElo "2221"]
[PlyCount "64"]
[EventDate "2019.03.14"]
[EventType "team"]
[EventRounds "5"]
[EventCountry "ITA"]
[WhiteTeam "ACQUI TERME Alessandria"]
[BlackTeam "CIB Unigas E. Canal Venezia A"]
[WhiteTeamCountry "ITA"]
[BlackTeamCountry "ITA"]

1. d4 e6 2. e4 d5 3. Nc3 Nf6 4. e5 Nfd7 5. f4 c5 6. Nf3 Nc6 7. Be3 a6 8. Qd2 b5
9. dxc5 Bxc5 10. O-O-O Qb6 11. Bxc5 Nxc5 12. Bd3 b4 13. Ne2 a5 14. Ned4 Nxd4
15. Nxd4 Ba6 16. Bxa6 Qxa6 17. f5 Ne4 18. Qf4 O-O 19. f6 gxf6 20. exf6 Kh8 21.
Nf3 Qc4 22. Qh6 Rg8 23. Ne5 Qc7 24. Qf4 Rac8 25. Kb1 Rg5 26. Nd3 Rxg2 27. Rhg1
Qxc2+ 28. Ka1 Qxd3 29. Rc1 Qc2 30. Rb1 Rxg1 31. Rxg1 Qd2 32. Qf1 Qf2 0-1

[Event "51 CIS serie A1/2"]
[Site "Verona"]
[Date "2019.03.15"]
[Round "1.4"]
[White "Gallana, Marco"]
[Black "Bisi, Samuele"]
[Result "0-1"]
[WhiteElo "2225"]
[BlackElo "2080"]
[PlyCount "82"]
[EventDate "2019.03.14"]
[EventType "team"]
[EventRounds "5"]
[EventCountry "ITA"]
[WhiteTeam "CIB Unigas E. Canal Venezia A"]
[BlackTeam "ACQUI TERME Alessandria"]
[WhiteTeamCountry "ITA"]
[BlackTeamCountry "ITA"]

1. Nf3 Nf6 2. c4 c5 3. g3 d5 4. cxd5 Nxd5 5. Bg2 Nc6 6. O-O e5 7. Nc3 Nc7 8. d3
Be7 9. Be3 Bd7 10. Rc1 Rc8 11. Nd2 O-O 12. a3 Ne6 13. Nd5 Ned4 14. Ne4 b6 15.
Bd2 Bg4 16. Nxe7+ Qxe7 17. f3 Be6 18. Be1 Bb3 19. Qd2 f5 20. Nf2 Be6 21. Rc3 b5
22. b4 cxb4 23. axb4 Qxb4 24. Kh1 Qd6 25. Qb2 b4 26. Rc1 a5 27. e3 Nb3 28. Rd1
a4 29. f4 a3 30. Qe2 exf4 31. gxf4 Ra8 32. Qf3 a2 33. Qxc6 Qxc6 34. Bxc6 a1=Q
35. Rxa1 Rxa1 36. Rg1 Rc8 37. Bf3 Rcc1 38. Nd1 Rxd1 39. Bxd1 Rxd1 40. h4 Bd5+
41. Kh2 Nd2 0-1

[Event "51 CIS serie A1/2"]
[Site "?"]
[Date "2019.03.15"]
[Round "1.1"]
[White "Lain, Luigi"]
[Black "Mukic, Joslo"]
[Result "1-0"]
[WhiteElo "2242"]
[BlackElo "2311"]
[PlyCount "91"]
[EventDate "2019.??.??"]
[WhiteTeam "Vicenza 1"]
[BlackTeam "U.S.Trentina"]

1. d4 g6 2. c4 Bg7 3. e4 d6 4. Nc3 Nf6 5. f3 O-O 6. Be3 b6 7. Qd2 c5 8. d5 e6
9. dxe6 Bxe6 10. O-O-O Nc6 11. Qxd6 Qxd6 12. Rxd6 Ne5 13. Bg5 h6 14. Bxf6 Bxf6
15. Nd5 Bg5+ 16. Kc2 Rfd8 17. Rxd8+ Rxd8 18. h4 Bxd5 19. cxd5 Be3 20. Ne2 b5
21. Nc3 b4 22. Nd1 Bd4 23. f4 Nd7 24. b3 Nb6 25. Bd3 f5 26. exf5 Nxd5 27. g3
gxf5 28. Re1 Kf7 29. Bxf5 Kf6 30. Bd3 h5 31. Bc4 Nb6 32. Re6+ Kf5 33. Rh6 Kg4
34. Rg6+ Kf3 35. Bf7 Nd5 36. Rg5 Ne3+ 37. Nxe3 Bxe3 38. Bd5+ Ke2 39. Rxh5 Bd4
40. Rg5 Bf2 41. Re5+ Kf1 42. g4 Bxh4 43. Kd3 Bg3 44. Ke4 Ke2 45. g5 Kd2 46. g6
1-0

[Event "51 CIS serie A1/2"]
[Site "?"]
[Date "2019.03.15"]
[Round "1.2"]
[White "Giancotti, Eraldo"]
[Black "Gennari, Jacopo"]
[Result "1-0"]
[WhiteElo "2076"]
[BlackElo "2096"]
[PlyCount "113"]
[EventDate "2019.??.??"]
[WhiteTeam "U.S.Trentina"]
[BlackTeam "Vicenza 1"]

1. d4 d5 2. Nf3 Nf6 3. Bf4 e6 4. e3 Bd6 5. Bg3 b6 6. Nbd2 Bb7 7. c3 Nbd7 8. Bb5
a6 9. Ba4 Qe7 10. Rc1 O-O 11. Ne5 b5 12. Bc2 Bxe5 13. dxe5 Ne4 14. Nb3 f5 15.
exf6 Ndxf6 16. Qd3 Rac8 17. Nd4 e5 18. Ne2 c5 19. Bh4 Qf7 20. f3 c4 21. Qd1 Nc5
22. O-O Qh5 23. Bg3 Rcd8 24. Bf2 e4 25. Nf4 Qf7 26. Qd4 Nd3 27. Nxd3 exd3 28.
Bd1 Rfe8 29. Qc5 Nd7 30. Qa7 Ne5 31. a4 Re6 32. axb5 axb5 33. Qc5 Qe8 34. Ra1
Qc6 35. Qd4 Qb6 36. Qf4 Rf8 37. Qg3 Qc7 38. Qh4 Rh6 39. Qg3 Rg6 40. Qh3 Bc8 41.
g4 h5 42. Bg3 hxg4 43. Qh5 gxf3 44. Qxg6 Qc5 45. Qg5 Rf5 46. Qd8+ Rf8 47. Qh4
Qxe3+ 48. Kh1 Qd2 49. Bf2 Qxb2 50. Ra7 Qd2 51. Qg3 Ng4 52. Bxf3 Nxf2+ 53. Rxf2
Qxc3 54. Bxd5+ Kh7 55. Qh4+ Kg6 56. Rg2+ Kf5 57. Qg5# 1-0

[Event "51 CIS serie A1/2"]
[Site "?"]
[Date "2019.03.15"]
[Round "1.3"]
[White "Corà, Massimo"]
[Black "Teutsch, Alexander"]
[Result "0-1"]
[WhiteElo "2086"]
[BlackElo "2148"]
[PlyCount "132"]
[EventDate "2019.??.??"]
[WhiteTeam "Vicenza 1"]
[BlackTeam "U.S.Trentina"]

1. d4 Nf6 2. c4 c5 3. d5 e6 4. Nc3 exd5 5. cxd5 d6 6. e4 g6 7. Nf3 a6 8. Qe2
Be7 9. h3 O-O 10. Qc2 b5 11. Be2 Re8 12. O-O Bf8 13. Nd2 b4 14. Na4 Nxd5 15.
Bf3 Nb6 16. e5 Nxa4 17. Qxa4 Bd7 18. Qd1 Bc6 19. exd6 Qxd6 20. Nc4 Qxd1 21.
Rxd1 Bxf3 22. gxf3 Nc6 23. Bg5 Nd4 24. Kg2 Be7 25. Bf4 Rad8 26. Rd2 Ne6 27. Be3
Rxd2 28. Nxd2 Rd8 29. a3 Nd4 30. Rc1 f5 31. axb4 cxb4 32. Rc7 Bf6 33. Nc4 Nc2
34. Bh6 Ne1+ 35. Kg3 g5 36. f4 Rd3+ 37. Ne3 Bxb2 38. Rc8+ Kf7 39. Bxg5 Bd4 40.
Rc7+ Ke6 41. Rxh7 b3 42. Rh6+ Kd7 43. Kh4 b2 44. Nxf5 b1=Q 45. Rd6+ Kc7 46.
Bd8+ Kb8 47. Nxd4 Rxd4 48. Rb6+ Qxb6 49. Bxb6 Rxf4+ 50. Kg5 Rb4 51. Be3 Nf3+
52. Kf5 Rh4 53. Bf4+ Kb7 54. Bg3 Rxh3 55. Kg4 Ng1 56. f4 Rh8 57. Bf2 Ne2 58.
Bc5 Kc6 59. Ba3 Nd4 60. Bb2 Kd5 61. f5 Rf8 62. Bc3 Rxf5 63. Be1 Rf1 64. Bc3 Kc4
65. Ba5 Nb3 66. Bd8 a5 0-1

[Event "51 CIS serie A1/2"]
[Site "?"]
[Date "2019.03.15"]
[Round "1.4"]
[White "Pojer, Romeo"]
[Black "De Grandi, Samuele"]
[Result "1-0"]
[WhiteElo "2044"]
[BlackElo "1947"]
[PlyCount "59"]
[EventDate "2019.??.??"]
[WhiteTeam "U.S.Trentina"]
[BlackTeam "Vicenza 1"]

1. d4 g6 2. c4 Bg7 3. Nc3 c5 4. Nf3 cxd4 5. Nxd4 Nf6 6. g3 O-O 7. Bg2 Nc6 8.
O-O Nxd4 9. Qxd4 d6 10. Qh4 Qb6 11. Rb1 Bf5 12. e4 Bd7 13. b3 Rfe8 14. h3 Bc6
15. Be3 Qb4 16. Rbc1 Ng4 17. hxg4 Bxc3 18. Rfd1 Bg7 19. Bf3 f6 20. g5 f5 21.
Kg2 fxe4 22. Bg4 e5 23. Rh1 Re7 24. Qxh7+ Kf7 25. Rh6 Kf8 26. Rch1 Bxh6 27.
Qxh6+ Rg7 28. Qh8+ Rg8 29. Qf6+ Ke8 30. Rh7 1-0

[Event "51 CIS serie A1/2"]
[Site "?"]
[Date "2019.03.16"]
[Round "2.1"]
[White "Genocchio, Daniele"]
[Black "Mukic, Josko"]
[Result "1/2-1/2"]
[WhiteElo "2350"]
[BlackElo "2311"]
[PlyCount "40"]
[EventDate "2019.??.??"]
[WhiteTeam "Il Grifone di Arzignano"]
[BlackTeam "U.S.Trentina"]

1. c4 c5 2. Nc3 Nc6 3. Nf3 g6 4. g3 Bg7 5. Bg2 e6 6. d4 cxd4 7. Nb5 d5 8. cxd5
exd5 9. Nbxd4 Nge7 10. O-O O-O 11. Be3 Bg4 12. Qd2 Re8 13. Rac1 Qd7 14. Rfe1
Rac8 15. b3 a6 16. Red1 Rcd8 17. Rc5 Nxd4 18. Bxd4 Bxd4 19. Qxd4 Nc6 20. Qf4 d4
1/2-1/2

[Event "51 CIS serie A1/2"]
[Site "?"]
[Date "2019.03.16"]
[Round "2.2"]
[White "Giancotti, Eraldo"]
[Black "De Santis, Alessio"]
[Result "0-1"]
[WhiteElo "2076"]
[BlackElo "2267"]
[PlyCount "118"]
[EventDate "2019.??.??"]
[WhiteTeam "U.S.Trentina"]
[BlackTeam "Il Grifone di Arzignano"]

1. d4 Nf6 2. Bf4 b6 3. e3 Bb7 4. Nf3 g6 5. Be2 Bg7 6. O-O O-O 7. Nc3 d6 8. Re1
a6 9. Nd2 c5 10. Bf3 Qc7 11. dxc5 bxc5 12. Bxb7 Qxb7 13. Nc4 Nc6 14. Rb1 Rfd8
15. Qf3 Rab8 16. Red1 Nh5 17. Nd5 Nxf4 18. Qxf4 Nb4 19. Nxb4 Qxb4 20. b3 d5 21.
a3 Qc3 22. Rxd5 Qxc2 23. Rf1 Qxb3 24. Rxc5 Rdc8 25. Rxc8+ Rxc8 26. Ne5 Bxe5 27.
Qxe5 Qxa3 28. h4 Qc5 29. Qe4 h5 30. Ra1 a5 31. Ra4 Qc1+ 32. Kh2 Qc7+ 33. f4 e6
34. Qd4 Qe7 35. Kg3 Qc5 36. Qd2 Qf5 37. Rxa5 Qg4+ 38. Kh2 Qxh4+ 39. Kg1 Rd8 40.
Qe2 Rb8 41. Ra1 Qg3 42. Qf2 h4 43. Qxg3 hxg3 44. Rf1 Kg7 45. Rf3 Rb1+ 46. Rf1
Rxf1+ 47. Kxf1 Kh6 48. Ke2 Kh5 49. Kf3 Kh4 50. Ke4 Kg4 51. Ke5 g5 52. fxg5 Kxg5
53. e4 Kg4 54. Kd4 Kf4 55. e5 Kf5 56. Ke3 Kxe5 57. Kf3 Kd4 58. Kxg3 e5 59. Kf3
Kd3 0-1

[Event "51 CIS serie A1/2"]
[Site "?"]
[Date "2019.03.16"]
[Round "2.4"]
[White "Comai, Samuele"]
[Black "Simoli, Sergio"]
[Result "0-1"]
[WhiteElo "2002"]
[BlackElo "2257"]
[PlyCount "47"]
[EventDate "2019.??.??"]
[WhiteTeam "U.S.Trentina"]
[BlackTeam "Il Grifone di Arzignano"]

1. d4 Nf6 2. c4 c5 3. d5 e6 4. Nc3 exd5 5. cxd5 d6 6. Bf4 a6 7. a4 g6 8. e3 Nh5
9. Bg3 Bg7 10. Nf3 Nxg3 11. hxg3 O-O 12. Bd3 Re8 13. Qc2 Nd7 14. Ne2 Qa5+ 15.
Kf1 b5 16. Nf4 c4 17. Bxg6 hxg6 18. Nxg6 fxg6 19. Qxg6 Nf6 20. Ng5 Re7 21. Ke2
Qb4 22. Rad1 Qxb2+ 23. Rd2 Qe5 24. Rd4 0-1

[Event "51 CIS serie A1/2"]
[Site "Verona"]
[Date "2019.03.16"]
[Round "2.2"]
[White "Gennari, Jacopo"]
[Black "De Eccher, Stefano"]
[Result "1/2-1/2"]
[WhiteElo "2096"]
[BlackElo "2192"]
[PlyCount "118"]
[EventDate "2019.03.14"]
[EventType "team"]
[EventRounds "5"]
[EventCountry "ITA"]
[WhiteTeam "Vicenza 1"]
[BlackTeam "CIB Unigas E. Canal Venezia A"]
[WhiteTeamCountry "ITA"]
[BlackTeamCountry "ITA"]

1. d4 d5 2. c4 c6 3. Nc3 dxc4 4. a4 e5 5. e3 exd4 6. exd4 Be6 7. Nf3 Bb4 8. Ne5
Nd7 9. Bxc4 Bxc4 10. Nxc4 Ngf6 11. O-O Be7 12. d5 cxd5 13. Nxd5 Nxd5 14. Qxd5
Nc5 15. Rd1 Qxd5 16. Rxd5 Rc8 17. Bf4 O-O 18. Nd6 Rc6 19. b4 Ne6 20. Be5 Bxd6
21. Bxd6 Rfc8 22. Rad1 h6 23. f4 Rc2 24. f5 Ng5 25. Rc5 R8xc5 26. Bxc5 b6 27.
Be7 Ra2 28. Rd4 Re2 29. Bxg5 hxg5 30. Rd8+ Kh7 31. Rd7 Re4 32. Rxf7 Rxb4 33.
Rxa7 Kh6 34. h3 b5 35. Rb7 Rxa4 36. Rxb5 g4 37. hxg4 Rxg4 38. Kf2 Ra4 39. Kf3
Kg5 40. Rb7 Rf4+ 41. Ke3 Rxf5 42. Rxg7+ Kh6 43. Rg4 Ra5 44. Kf4 Ra4+ 45. Kg3
Ra3+ 46. Kh4 Ra5 47. Rg8 Rh5+ 48. Kg4 Ra5 49. Re8 Rg5+ 50. Kf3 Rf5+ 51. Ke4 Rf2
52. Rg8 Kh5 53. g4+ Kh6 54. Ke5 Rf1 55. Ke4 Rf2 56. Ke3 Rf1 57. Rd8 Kg5 58. Rd4
Rf8 59. Re4 Rf7 1/2-1/2

[Event "51 CIS serie A1/2"]
[Site "Verona"]
[Date "2019.03.16"]
[Round "2.3"]
[White "Gallana, Marco"]
[Black "Corà, Massimo"]
[Result "1/2-1/2"]
[WhiteElo "2225"]
[BlackElo "2086"]
[PlyCount "102"]
[EventDate "2019.03.14"]
[EventType "team"]
[EventRounds "5"]
[EventCountry "ITA"]
[WhiteTeam "CIB Unigas E. Canal Venezia A"]
[BlackTeam "Vicenza 1"]
[WhiteTeamCountry "ITA"]
[BlackTeamCountry "ITA"]

1. d4 Nf6 2. Nf3 c5 3. d5 g6 4. Nc3 d6 5. e4 Bg4 6. Be2 Bg7 7. O-O Bxf3 8. Bxf3
O-O 9. Re1 Nbd7 10. Be2 a6 11. a4 Rb8 12. Bf4 Ne8 13. Qd2 Nc7 14. Bh6 b5 15.
Bxg7 Kxg7 16. axb5 axb5 17. b4 cxb4 18. Qd4+ Kg8 19. Qxb4 Nc5 20. e5 N7a6 21.
Qf4 dxe5 22. Qxe5 Nb4 23. Rac1 Qd6 24. Bxb5 Nxd5 25. Nxd5 Qxe5 26. Rxe5 Rxb5
27. Nxe7+ Kg7 28. c4 Ra5 29. Nc6 Nd3 30. Nxa5 Nxe5 31. f4 Nd3 32. Rc3 Nxf4 33.
Kf2 Rc8 34. Kf3 Ne6 35. Ke4 Rc5 36. Nb7 f5+ 37. Ke3 Re5+ 38. Kf2 Nd4 39. Re3
Rxe3 40. Kxe3 Nc6 41. Nc5 Kf6 42. h4 h6 43. Nd3 g5 44. g3 Ne5 45. hxg5+ hxg5
46. Kd4 Nxd3 47. Kxd3 Ke5 48. Ke3 f4+ 49. gxf4+ gxf4+ 50. Kf3 Kd4 51. Kxf4 Kxc4
1/2-1/2

[Event "51 CIS serie A1/2"]
[Site "Verona"]
[Date "2019.03.16"]
[Round "2.4"]
[White "De Grandi, Samuele"]
[Black "Moncher, Stefano"]
[Result "0-1"]
[WhiteElo "1947"]
[BlackElo "2241"]
[PlyCount "104"]
[EventDate "2019.03.14"]
[EventType "team"]
[EventRounds "5"]
[EventCountry "ITA"]
[WhiteTeam "Vicenza 1"]
[BlackTeam "CIB Unigas E. Canal Venezia A"]
[WhiteTeamCountry "ITA"]
[BlackTeamCountry "ITA"]

1. c4 g6 2. g3 Bg7 3. Bg2 Nf6 4. Nc3 d6 5. a3 e5 6. e4 O-O 7. Nge2 Nc6 8. O-O
Be6 9. Nd5 Nh5 10. d3 Qd7 11. Rb1 Rab8 12. b4 f5 13. exf5 Bxf5 14. b5 Ne7 15.
Be3 Nxd5 16. cxd5 Bh3 17. Qb3 Bxg2 18. Kxg2 Rbe8 19. f3 Rf7 20. Qc4 h6 21. Rbe1
g5 22. Nc3 Nf6 23. h3 Ref8 24. a4 Qf5 25. Ne4 Nh7 26. g4 Qd7 27. Kg3 Ra8 28. a5
Nf8 29. Kg2 Ng6 30. Ng3 Nh4+ 31. Kh1 Nxf3 32. Rc1 Raf8 33. Nf5 Nh4 34. Qe4 Qxb5
35. Bxa7 Qxa5 36. Be3 Qa8 37. Rf2 Qd8 38. Rcf1 Qd7 39. Kh2 Rf6 40. Kg3 Kh8 41.
Nxh4 gxh4+ 42. Kxh4 Rxf2 43. Rxf2 Rxf2 44. Bxf2 Qf7 45. Be3 Bf6+ 46. Kg3 Bg5
47. Bxg5 hxg5 48. Qf5 Qxf5 49. gxf5 Kg7 50. h4 gxh4+ 51. Kxh4 Kf6 52. Kg4 b5
0-1

[Event "51 CIS serie A1/2"]
[Site "?"]
[Date "2019.03.16"]
[Round "2.1"]
[White "Tratar, Marko"]
[Black "Di Paolo, Raffaele"]
[Result "1-0"]
[WhiteElo "2455"]
[BlackElo "2336"]
[PlyCount "71"]
[EventDate "2019.??.??"]
[WhiteTeam "SST 1904"]
[BlackTeam "Acqui"]

1. Nf3 g6 2. d4 Bg7 3. c4 d6 4. Nc3 Nf6 5. e4 O-O 6. Be2 e5 7. Be3 exd4 8. Nxd4
Re8 9. f3 c6 10. Bf2 d5 11. exd5 cxd5 12. O-O Nc6 13. c5 Nh5 14. Qd2 Be5 15. g3
Nxd4 16. Bxd4 Bxd4+ 17. Qxd4 Be6 18. Rad1 Qc7 19. Nb5 Qe7 20. Rfe1 Red8 21. Rc1
Ng7 22. Bd3 Qd7 23. a3 Bf5 24. Bf1 Bh3 25. Bd3 Bf5 26. Bf1 Bh3 27. Nd6 Bxf1 28.
Kxf1 b6 29. b4 bxc5 30. bxc5 Rab8 31. Kg1 Nf5 32. Qxd5 Rb2 33. Qe5 Ra2 34. Rcd1
Ng7 35. Nf5 gxf5 36. Rxd7 1-0

[Event "51 CIS serie A1/2"]
[Site "Verona"]
[Date "2019.03.16"]
[Round "2.2"]
[White "Madiai, Federico"]
[Black "Lostuzzi, Manlio"]
[Result "0-1"]
[WhiteElo "2239"]
[BlackElo "2393"]
[PlyCount "94"]
[EventDate "2019.03.14"]
[EventType "team"]
[EventRounds "5"]
[EventCountry "ITA"]
[WhiteTeam "Acqui Terme Alessandria"]
[BlackTeam "SST 1904"]
[WhiteTeamCountry "ITA"]
[BlackTeamCountry "ITA"]

1. e4 e5 2. Nf3 Nc6 3. Bb5 Bc5 4. c3 Nf6 5. d4 Bb6 6. O-O O-O 7. Bg5 h6 8. Bxf6
Qxf6 9. Bxc6 Qxc6 10. Nxe5 Qxe4 11. Nd2 Qf4 12. Ndc4 d6 13. Nxb6 axb6 14. Nc4
Bg4 15. Qc1 Qxc1 16. Rfxc1 Be6 17. Na3 c6 18. c4 Ra4 19. Rc3 d5 20. Rb3 dxc4
21. Rxb6 Rb8 22. Nc2 Kf8 23. Nb4 Raa8 24. Re1 Ke8 25. d5 cxd5 26. Nxd5 Rxa2 27.
Nc7+ Kd7 28. Nxe6 fxe6 29. Kf1 Ra6 30. Rexe6 Rxb6 31. Rxb6 Kc7 32. Rg6 Ra8 33.
Rxg7+ Kc6 34. Rg6+ Kc5 35. Rxh6 Ra2 36. Rh8 Rxb2 37. h4 c3 38. Ke1 Kb4 39. Rc8
Kb3 40. h5 Rb1+ 41. Ke2 c2 42. g4 c1=Q 43. Rxc1 Rxc1 44. g5 Rh1 45. g6 Rxh5 46.
f4 Rh1 47. Kf2 Rh6 0-1

[Event "51 CIS serie A1/2"]
[Site "Verona"]
[Date "2019.03.16"]
[Round "2.3"]
[White "Bevilacqua, Andrea"]
[Black "Quirico, Paolo"]
[Result "0-1"]
[WhiteElo "2120"]
[BlackElo "2071"]
[PlyCount "76"]
[EventDate "2019.03.14"]
[EventType "team"]
[EventRounds "5"]
[EventCountry "ITA"]
[WhiteTeam "SST 1904"]
[BlackTeam "Acqui"]
[WhiteTeamCountry "ITA"]
[BlackTeamCountry "ITA"]

1. e4 c5 2. d4 cxd4 3. c3 d3 4. Bxd3 d6 5. Nf3 Nc6 6. h3 g6 7. Be3 Bg7 8. Nbd2
Nf6 9. O-O O-O 10. Qe2 Nd7 11. Rfd1 a6 12. a4 Nde5 13. Nxe5 Nxe5 14. Bc2 Qc7
15. f4 Nd7 16. Nc4 b6 17. Bd4 Bb7 18. Bxg7 Kxg7 19. e5 b5 20. exd6 Qc5+ 21. Kh1
bxc4 22. dxe7 Rfe8 23. Rxd7 Bc6 24. Rd4 Rxe7 25. Qxc4 Qxc4 26. Rxc4 Bxg2+ 27.
Kxg2 Re2+ 28. Kf3 Rxc2 29. b4 Rd8 30. Re1 h5 31. Re3 Rh2 32. Kg3 Rdd2 33. Kh4
Kh6 34. Rg3 Rdf2 35. Rd4 f6 36. b5 axb5 37. axb5 Rh1 38. b6 Rxf4+ 0-1

[Event "51 CIS serie A1/2"]
[Site "Verona"]
[Date "2019.03.16"]
[Round "2.4"]
[White "Bisi, Samuele"]
[Black "Marchesich, Giovanni"]
[Result "1-0"]
[WhiteElo "2080"]
[BlackElo "2027"]
[PlyCount "63"]
[EventDate "2019.03.14"]
[EventType "team"]
[EventRounds "5"]
[EventCountry "ITA"]
[WhiteTeam "Acqui"]
[BlackTeam "SST 1904"]
[WhiteTeamCountry "ITA"]
[BlackTeamCountry "ITA"]

1. d4 Nf6 2. c4 c5 3. d5 b5 4. cxb5 a6 5. f3 axb5 6. e4 Qa5+ 7. Bd2 b4 8. Na3
d6 9. Nc4 Qd8 10. a3 e6 11. dxe6 Bxe6 12. Ne3 Be7 13. axb4 Rxa1 14. Qxa1 O-O
15. Qa5 Qc8 16. bxc5 dxc5 17. Bb5 Nbd7 18. Ne2 Qb7 19. Qa6 Rb8 20. Qxb7 Rxb7
21. Nc3 c4 22. Kd1 Nb6 23. Kc2 Nfd7 24. f4 f6 25. Bc6 Ra7 26. Nb5 Ra2 27. Kb1
c3 28. Bxc3 Nc5 29. Nd5 Bxd5 30. Bxd5+ Nxd5 31. Kxa2 Nxf4 32. e5 1-0

[Event "51 CIS serie A1/2"]
[Site "Verona"]
[Date "2019.03.16"]
[Round "3.1"]
[White "Di Paolo, Raffaele"]
[Black "Genocchio, Daniele"]
[Result "1/2-1/2"]
[WhiteElo "2336"]
[BlackElo "2350"]
[PlyCount "54"]
[EventDate "2019.03.14"]
[EventType "team"]
[EventRounds "5"]
[EventCountry "ITA"]
[WhiteTeam "Acqui"]
[BlackTeam "Il Grifone di Arzignano"]
[WhiteTeamCountry "ITA"]
[BlackTeamCountry "ITA"]

1. e4 d5 2. exd5 Qxd5 3. Nc3 Qa5 4. d4 Nf6 5. Nf3 Bf5 6. Bc4 e6 7. Bd2 c6 8.
Nd5 Qd8 9. Nxf6+ Qxf6 10. Qe2 Bd6 11. O-O-O Nd7 12. h3 Nb6 13. Bb3 a5 14. a3 a4
15. Ba2 Qe7 16. g4 Bg6 17. Ne5 Nd5 18. h4 Bxe5 19. dxe5 h5 20. f3 Qc5 21. Qc4
Qxc4 22. Bxc4 b5 23. Bxd5 cxd5 24. Bb4 Rc8 25. c3 Rc4 26. Rd4 Kd7 27. g5 Rhc8
1/2-1/2

[Event "51 CIS serie A1/2"]
[Site "Verona"]
[Date "2019.03.16"]
[Round "3.2"]
[White "De Santis, Alessio"]
[Black "Madiai, Federico"]
[Result "1/2-1/2"]
[WhiteElo "2267"]
[BlackElo "2239"]
[PlyCount "37"]
[EventDate "2019.03.14"]
[EventType "team"]
[EventRounds "5"]
[EventCountry "ITA"]
[WhiteTeam "Il Grifone di Arzignano"]
[BlackTeam "Acqui"]
[WhiteTeamCountry "ITA"]
[BlackTeamCountry "ITA"]

1. Nf3 d5 2. e3 Nc6 3. d4 Bg4 4. h3 Bh5 5. c4 e6 6. Nc3 Nf6 7. Qa4 Bxf3 8. gxf3
Nd7 9. cxd5 Nb6 10. Qb3 exd5 11. Rg1 Qd7 12. Bd2 O-O-O 13. f4 g6 14. Na4 Qe6
15. Nxb6+ axb6 16. Qa4 Bd6 17. O-O-O Kb8 18. a3 Ne7 19. Qb3 1/2-1/2